[Event "XXVII MISTRZOSTWA WOJEWÓDZTWA PODLASKIEGO JUNIOREK DO LAT 14 - D14"]
[Site "Białystok, Poland"]
[Date "2025.05.30"]
[Round "1.1"]
[White "Barszczewska, Nadia"]
[Black "Wasilewska, Natalia"]
[Result "1-0"]
[WhiteElo "1429"]
[BlackElo "1403"]

1. e4 {[%clk 00:30:57]} {[%emt 00:00:02]} e5 {[%clk 00:30:57]} {[%emt
00:00:04]} 2. Nf3 {[%clk 00:31:19]} {[%emt 00:00:08]} Nc6 {[%clk 00:31:19]}
{[%emt 00:00:08]} 3. Bc4 {[%clk 00:31:42]} {[%emt 00:00:06]} Bc5 {[%clk
00:31:18]} {[%emt 00:00:32]} 4. c3 {[%clk 00:31:52]} {[%emt 00:00:19]} Nf6
{[%clk 00:30:05]} {[%emt 00:01:43]} 5. d3 {[%clk 00:32:06]} {[%emt 00:00:16]}
d6 {[%clk 00:29:00]} {[%emt 00:01:34]} 6. Bg5 {[%clk 00:32:18]} {[%emt
00:00:18]} h6 {[%clk 00:27:17]} {[%emt 00:02:13]} 7. Bh4 {[%clk 00:32:19]}
{[%emt 00:00:29]} Bg4 {[%clk 00:26:21]} {[%emt 00:01:27]} 8. h3 {[%clk
00:32:17]} {[%emt 00:00:32]} Bh5 {[%clk 00:26:17]} {[%emt 00:00:35]} 9. O-O
{[%clk 00:31:50]} {[%emt 00:00:57]} O-O {[%clk 00:24:43]} {[%emt 00:02:04]} 10.
Nbd2 {[%clk 00:31:49]} {[%emt 00:00:30]} Qe7 {[%clk 00:16:37]} {[%emt
00:08:37]} 11. Qc2 {[%clk 00:31:54]} {[%emt 00:00:25]} Rfd8 {[%clk 00:12:55]}
{[%emt 00:04:12]} 12. a4 {[%clk 00:31:37]} {[%emt 00:00:47]} a5 {[%clk
00:12:09]} {[%emt 00:01:17]} 13. Rfe1 {[%clk 00:31:09]} {[%emt 00:00:56]} Re8
{[%clk 00:04:46]} {[%emt 00:07:54]} 14. Bb5 {[%clk 00:29:13]} {[%emt 00:02:26]}
g5 {[%clk 00:01:44]} {[%emt 00:03:31]} 15. Bg3 {[%clk 00:29:30]} {[%emt
00:00:13]} Rad8 {[%clk 00:01:16]} {[%emt 00:00:58]} 16. Rab1 {[%clk 00:28:51]}
{[%emt 00:01:09]} Bxf3 {[%clk 00:01:32]} {[%emt 00:00:15]} 17. Nxf3 {[%clk
00:29:16]} {[%emt 00:00:05]} d5 {[%clk 00:00:43]} {[%emt 00:01:19]} 18. exd5
{[%clk 00:29:03]} {[%emt 00:00:42]} Rxd5 {[%clk 00:00:37]} {[%emt 00:00:37]} 19.
c4 {[%clk 00:28:18]} {[%emt 00:01:14]} Nb4 {[%clk 00:00:40]} {[%emt 00:00:28]}
20. Qe2 {[%clk 00:28:00]} {[%emt 00:00:45]} Nxd3 {[%clk 00:00:36]} {[%emt
00:00:36]} 21. cxd5 {[%clk 00:27:45]} {[%emt 00:00:45]} Nxe1 {[%clk 00:00:57]}
{[%emt 00:00:09]} 22. Rxe1 {[%clk 00:27:36]} {[%emt 00:00:39]} Nd7 {[%clk
00:00:37]} {[%emt 00:00:51]} 23. Bxd7 {[%clk 00:26:54]} {[%emt 00:01:11]} Qxd7
{[%clk 00:00:46]} {[%emt 00:00:22]} 24. Qb5 {[%clk 00:26:56]} {[%emt 00:00:21]}
Qxb5 {[%clk 00:00:45]} {[%emt 00:00:38]} 25. axb5 {[%clk 00:27:17]} {[%emt
00:00:09]} f6 {[%clk 00:00:51]} {[%emt 00:00:23]} 26. Rd1 {[%clk 00:26:13]}
{[%emt 00:01:34]} b6 {[%clk 00:00:38]} {[%emt 00:00:44]} 27. b3 {[%clk
00:25:19]} {[%emt 00:01:24]} Rd8 {[%clk 00:00:37]} {[%emt 00:00:31]} 28. Kf1
{[%clk 00:24:50]} {[%emt 00:00:58]} Bf8 {[%clk 00:00:48]} {[%emt 00:19:10]} 1-0

[Event "XXVII MISTRZOSTWA WOJEWÓDZTWA PODLASKIEGO JUNIOREK DO LAT 14 - D14"]
[Site "Białystok, Poland"]
[Date "2025.05.30"]
[Round "1.3"]
[White "Kolosza, Zuzanna"]
[Black "Panasiewicz, Natalia"]
[Result "0-1"]
[WhiteElo "1503"]
[BlackElo "1431"]

1. e4 {[%clk 00:30:57]} {[%emt 00:00:02]} e6 {[%clk 00:30:42]} {[%emt
00:00:19]} 2. d4 {[%clk 00:31:19]} {[%emt 00:00:08]} d5 {[%clk 00:31:07]}
{[%emt 00:00:04]} 3. exd5 {[%clk 00:30:56]} {[%emt 00:00:53]} exd5 {[%clk
00:31:32]} {[%emt 00:00:05]} 4. Nc3 {[%clk 00:31:13]} {[%emt 00:00:14]} Nf6
{[%clk 00:31:56]} {[%emt 00:00:07]} 5. Nf3 {[%clk 00:31:00]} {[%emt 00:00:42]}
Bd6 {[%clk 00:31:25]} {[%emt 00:00:59]} 6. Be2 {[%clk 00:29:59]} {[%emt
00:01:33]} c6 {[%clk 00:31:46]} {[%emt 00:00:10]} 7. O-O {[%clk 00:30:08]}
{[%emt 00:00:20]} O-O {[%clk 00:32:11]} {[%emt 00:00:05]} 8. Bg5 {[%clk
00:30:10]} {[%emt 00:00:29]} Nbd7 {[%clk 00:31:37]} {[%emt 00:01:04]} 9. Bh4
{[%clk 00:27:04]} {[%emt 00:03:35]} Qb6 {[%clk 00:29:37]} {[%emt 00:02:30]} 10.
Na4 {[%clk 00:22:59]} {[%emt 00:04:35]} Qa5 {[%clk 00:27:16]} {[%emt 00:02:51]}
11. b3 {[%clk 00:20:11]} {[%emt 00:03:19]} b5 {[%clk 00:26:52]} {[%emt
00:00:54]} 12. Nb2 {[%clk 00:17:23]} {[%emt 00:03:18]} Ba3 {[%clk 00:21:52]}
{[%emt 00:05:28]} 13. Nd3 {[%clk 00:14:55]} {[%emt 00:02:59]} Ne4 {[%clk
00:19:35]} {[%emt 00:02:47]} 14. Bg5 {[%clk 00:03:28]} {[%emt 00:11:57]} f6
{[%clk 00:19:29]} {[%emt 00:00:36]} 15. Bd2 {[%clk 00:03:48]} {[%emt 00:00:09]}
Nxd2 {[%clk 00:19:50]} {[%emt 00:00:10]} 16. Qxd2 {[%clk 00:04:05]} {[%emt
00:00:14]} Qxd2 {[%clk 00:20:14]} {[%emt 00:00:06]} 17. Nxd2 {[%clk 00:04:31]}
{[%emt 00:00:04]} a5 {[%clk 00:19:57]} {[%emt 00:00:47]} 18. Bf3 {[%clk
00:03:30]} {[%emt 00:01:30]} Bd6 {[%clk 00:19:48]} {[%emt 00:00:39]} 19. c4
{[%clk 00:03:28]} {[%emt 00:00:33]} bxc4 {[%clk 00:19:51]} {[%emt 00:00:26]} 20.
bxc4 {[%clk 00:03:45]} {[%emt 00:00:14]} Ba6 {[%clk 00:20:14]} {[%emt
00:00:06]} 21. Nb2 {[%clk 00:01:26]} {[%emt 00:02:48]} Rab8 {[%clk 00:19:51]}
{[%emt 00:00:54]} 22. Rfb1 {[%clk 00:01:43]} {[%emt 00:00:13]} Bf4 {[%clk
00:20:04]} {[%emt 00:00:17]} 23. Nb3 {[%clk 00:01:14]} {[%emt 00:00:59]} dxc4
{[%clk 00:20:24]} {[%emt 00:00:10]} 24. Nxa5 {[%clk 00:01:17]} {[%emt
00:00:28]} c3 {[%clk 00:19:53]} {[%emt 00:01:01]} 25. Na4 {[%clk 00:00:34]}
{[%emt 00:01:13]} Rxb1+ {[%clk 00:20:13]} {[%emt 00:00:09]} 26. Rxb1 {[%clk
00:00:54]} {[%emt 00:00:10]} c2 {[%clk 00:20:40]} {[%emt 00:00:03]} 27. Rf1
{[%clk 00:00:42]} {[%emt 00:00:43]} c1=Q {[%clk 00:20:56]} {[%emt 00:00:15]} 28.
Rxc1 {[%clk 00:00:58]} {[%emt 00:00:12]} Bxc1 {[%clk 00:21:20]} {[%emt
00:00:07]} 29. Bxc6 {[%clk 00:01:15]} {[%emt 00:00:12]} Re8 {[%clk 00:20:55]}
{[%emt 00:00:54]} 30. g3 {[%clk 00:01:13]} {[%emt 00:00:32]} Re1+ {[%clk
00:20:52]} {[%emt 00:00:33]} 31. Kg2 {[%clk 00:01:29]} {[%emt 00:00:13]} Bf1+
{[%clk 00:21:13]} {[%emt 00:00:10]} 32. Kf3 {[%clk 00:01:49]} {[%emt 00:00:10]}
Bh3 {[%clk 00:18:48]} {[%emt 00:02:55]} 33. g4 {[%clk 00:01:39]} {[%emt
00:00:40]} Nb8 {[%clk 00:18:53]} {[%emt 00:00:24]} 34. Bd5+ {[%clk 00:01:30]}
{[%emt 00:00:41]} Kf8 {[%clk 00:19:18]} {[%emt 00:00:05]} 35. Kg3 {[%clk
00:01:36]} {[%emt 00:00:23]} Bf1 {[%clk 00:19:43]} {[%emt 00:00:06]} 36. Nc5
{[%clk 00:01:25]} {[%emt 00:00:41]} Ke7 {[%clk 00:19:46]} {[%emt 00:00:26]} 37.
Be4 {[%clk 00:00:34]} {[%emt 00:01:20]} h6 {[%clk 00:19:32]} {[%emt 00:00:45]}
0-1

[Event "XXVII MISTRZOSTWA WOJEWÓDZTWA PODLASKIEGO JUNIOREK DO LAT 14 - D14"]
[Site "Białystok, Poland"]
[Date "2025.05.30"]
[Round "2.1"]
[White "Racis, Weronika"]
[Black "Kolosza, Zuzanna"]
[Result "1/2-1/2"]
[WhiteElo "1771"]
[BlackElo "1503"]

1. d4 {[%clk 00:30:58]} {[%emt 00:00:01]} d5 {[%clk 00:30:56]} {[%emt
00:00:05]} 2. Nf3 {[%clk 00:31:23]} {[%emt 00:00:04]} Nf6 {[%clk 00:31:18]}
{[%emt 00:00:08]} 3. c4 {[%clk 00:31:44]} {[%emt 00:00:09]} c6 {[%clk
00:31:43]} {[%emt 00:00:06]} 4. Nc3 {[%clk 00:31:56]} {[%emt 00:00:18]} dxc4
{[%clk 00:32:05]} {[%emt 00:00:08]} 5. a4 {[%clk 00:31:40]} {[%emt 00:00:46]}
Bf5 {[%clk 00:32:03]} {[%emt 00:00:31]} 6. e3 {[%clk 00:31:53]} {[%emt
00:00:17]} e6 {[%clk 00:31:42]} {[%emt 00:00:51]} 7. Bxc4 {[%clk 00:32:06]}
{[%emt 00:00:18]} Bg6 {[%clk 00:29:57]} {[%emt 00:02:15]} 8. O-O {[%clk
00:31:28]} {[%emt 00:01:08]} Bd6 {[%clk 00:28:53]} {[%emt 00:01:34]} 9. b3
{[%clk 00:28:29]} {[%emt 00:03:28]} O-O {[%clk 00:29:08]} {[%emt 00:00:15]} 10.
Ba3 {[%clk 00:28:21]} {[%emt 00:00:38]} Bxa3 {[%clk 00:28:21]} {[%emt
00:01:18]} 11. Rxa3 {[%clk 00:28:30]} {[%emt 00:00:20]} Qe7 {[%clk 00:27:12]}
{[%emt 00:01:39]} 12. Qc1 {[%clk 00:27:31]} {[%emt 00:01:30]} Nbd7 {[%clk
00:27:23]} {[%emt 00:00:19]} 13. Qb2 {[%clk 00:26:03]} {[%emt 00:01:56]} Nb6
{[%clk 00:26:38]} {[%emt 00:01:16]} 14. Ne5 {[%clk 00:24:40]} {[%emt 00:01:53]}
Nbd5 {[%clk 00:19:26]} {[%emt 00:07:43]} 15. Bxd5 {[%clk 00:23:53]} {[%emt
00:01:16]} Nxd5 {[%clk 00:17:50]} {[%emt 00:02:06]} 16. Nxd5 {[%clk 00:23:55]}
{[%emt 00:00:28]} cxd5 {[%clk 00:17:57]} {[%emt 00:00:24]} 17. Rc1 {[%clk
00:23:53]} {[%emt 00:00:32]} Rac8 {[%clk 00:17:52]} {[%emt 00:00:35]} 18. Raa1
{[%clk 00:23:56]} {[%emt 00:00:26]} Qb4 {[%clk 00:10:12]} {[%emt 00:08:10]} 19.
h3 {[%clk 00:19:21]} {[%emt 00:05:04]} Rfd8 {[%clk 00:08:04]} {[%emt 00:02:40]}
20. Nxg6 {[%clk 00:15:24]} {[%emt 00:04:27]} hxg6 {[%clk 00:08:28]} {[%emt
00:00:06]} 21. Rc2 {[%clk 00:10:50]} {[%emt 00:05:02]} Rc6 {[%clk 00:02:09]}
{[%emt 00:06:50]} 22. Rxc6 {[%clk 00:08:42]} {[%emt 00:02:39]} bxc6 {[%clk
00:02:38]} {[%emt 00:00:01]} 23. Rc1 {[%clk 00:05:32]} {[%emt 00:03:40]} Rc8
{[%clk 00:02:19]} {[%emt 00:00:48]} 24. Qc3 {[%clk 00:05:23]} {[%emt 00:00:39]}
Qxc3 {[%clk 00:01:37]} {[%emt 00:01:13]} 25. Rxc3 {[%clk 00:05:48]} {[%emt
00:00:05]} Kf8 {[%clk 00:01:52]} {[%emt 00:00:15]} 26. Kf1 {[%clk 00:04:25]}
{[%emt 00:01:52]} Ke7 {[%clk 00:02:16]} {[%emt 00:00:07]} 27. Ke2 {[%clk
00:04:48]} {[%emt 00:00:06]} Kd6 {[%clk 00:01:56]} {[%emt 00:00:49]} 28. Kd3
{[%emt 00:01:01]} Rc7 {[%clk 00:01:14]} {[%emt 00:00:15]} 29. Rc5 {[%clk
00:05:16]} {[%emt 00:00:27]} e5 {[%emt 00:03:24]} 30. b4 {[%clk 00:03:15]}
{[%emt 00:00:05]} exd4 {[%clk 00:00:36]} {[%emt 00:00:40]} 31. Kxd4 {[%emt
00:01:58]} Re7 {[%clk 00:00:39]} {[%emt 00:00:08]} 32. f3 {[%clk 00:01:59]}
{[%emt 00:00:38]} Rb7 {[%emt 00:00:52]} 33. b5 {[%clk 00:01:51]} {[%emt
00:00:06]} cxb5 {[%emt 00:00:49]} 34. Rxd5+ {[%emt 00:00:43]} Kc6 {[%clk
00:00:32]} {[%emt 00:00:12]} 35. Rc5+ {[%clk 00:02:18]} {[%emt 00:00:05]} Kd6
{[%emt 00:00:33]} 36. Rxb5 {[%clk 00:02:37]} {[%emt 00:00:08]} Rc7 {[%clk
00:00:54]} {[%emt 00:00:09]} 37. Rd5+ {[%clk 00:02:54]} {[%emt 00:00:12]} Ke6
{[%clk 00:01:16]} {[%emt 00:00:09]} 38. Re5+ {[%clk 00:03:03]} {[%emt
00:00:21]} Kd6 {[%emt 00:00:47]} 39. Rd5+ {[%clk 00:03:20]} {[%emt 00:00:11]}
Ke6 {[%clk 00:01:26]} {[%emt 00:00:05]} 40. Rc5 {[%clk 00:03:15]} {[%emt
00:00:32]} Rb7 {[%clk 00:01:34]} {[%emt 00:00:25]} 41. Kc4 {[%clk 00:02:14]}
{[%emt 00:01:30]} Rb2 {[%clk 00:01:34]} {[%emt 00:00:31]} 42. Rg5 {[%clk
00:02:32]} {[%emt 00:00:09]} Rb7 {[%clk 00:01:36]} {[%emt 00:00:31]} 43. Kc5
{[%clk 00:01:55]} {[%emt 00:01:06]} Rb3 {[%clk 00:01:17]} {[%emt 00:00:51]} 44.
e4 {[%clk 00:02:10]} {[%emt 00:00:13]} Rb6 {[%clk 00:01:30]} {[%emt 00:00:18]}
45. Kc4 {[%clk 00:02:08]} {[%emt 00:00:32]} Rb2 {[%clk 00:01:40]} {[%emt
00:00:21]} 46. a5 {[%clk 00:01:41]} {[%emt 00:00:57]} a6 {[%clk 00:01:48]}
{[%emt 00:00:22]} 47. Kc3 {[%clk 00:01:53]} {[%emt 00:00:18]} Rb7 {[%clk
00:01:53]} {[%emt 00:00:25]} 48. Rc5 {[%clk 00:00:59]} {[%emt 00:01:21]} Kd6
{[%clk 00:02:18]} 49. Rd5+ {[%clk 00:01:23]} {[%emt 00:00:14]} Kc6 {[%emt
00:00:59]} 50. Kc4 {[%emt 00:00:09]} Rb2 {[%clk 00:01:33]} {[%emt 00:00:52]} 51.
Rg5 {[%clk 00:01:44]} {[%emt 00:00:22]} Kd6 {[%clk 00:01:04]} {[%emt 00:01:00]}
52. h4 {[%clk 00:01:13]} {[%emt 00:01:01]} Kc6 {[%emt 00:01:40]} 53. g3 Rf2
{[%clk 00:00:34]} 54. f4 {[%emt 00:01:10]} Re2 55. Kd3 Rb2 56. Kc3 Rb5 57. Kc4
Rb2 58. Rc5+ Kd6 59. e5+ {[%clk 00:00:53]} Kd7 {[%clk 00:01:35]} {[%emt
00:03:36]} 60. Kd4 {[%clk 00:01:57]} {[%emt 00:00:19]} Rg2 {[%clk 00:01:15]}
{[%emt 00:00:52]} 61. Rc3 {[%clk 00:02:21]} {[%emt 00:00:05]} Ra2 {[%clk
00:01:31]} {[%emt 00:00:14]} 62. Rc5 {[%clk 00:02:05]} {[%emt 00:00:46]} Rg2
{[%clk 00:01:54]} {[%emt 00:00:07]} 63. Rc3 {[%clk 00:02:29]} {[%emt 00:00:06]}
Ra2 {[%clk 00:02:20]} {[%emt 00:00:03]} 64. Rc5 {[%clk 00:01:58]} {[%emt
00:01:01]} Rg2 {[%clk 00:02:42]} {[%emt 00:00:09]} 65. Rc3 {[%clk 00:02:23]}
{[%emt 00:00:04]} Ra2 {[%clk 00:03:00]} {[%emt 00:00:12]} 66. Ke4 {[%clk
00:01:18]} {[%emt 00:00:28]} 1/2-1/2

[Event "XXVII MISTRZOSTWA WOJEWÓDZTWA PODLASKIEGO JUNIOREK DO LAT 14 - D14"]
[Site "Białystok, Poland"]
[Date "2025.05.30"]
[Round "2.3"]
[White "Kaczan, Anna"]
[Black "Barszczewska, Nadia"]
[Result "1-0"]
[WhiteElo "1494"]
[BlackElo "1429"]

1. e4 {[%clk 00:30:57]} {[%emt 00:00:02]} e5 {[%clk 00:30:55]} {[%emt
00:00:06]} 2. Nf3 {[%clk 00:31:22]} {[%emt 00:00:05]} Nc6 {[%clk 00:31:18]}
{[%emt 00:00:06]} 3. Bc4 {[%clk 00:31:33]} {[%emt 00:00:19]} Bc5 {[%clk
00:31:40]} {[%emt 00:00:09]} 4. d3 {[%clk 00:31:56]} {[%emt 00:00:07]} h6
{[%clk 00:31:55]} {[%emt 00:00:14]} 5. c3 {[%clk 00:32:11]} {[%emt 00:00:15]}
Nf6 {[%clk 00:32:19]} {[%emt 00:00:06]} 6. h3 {[%clk 00:31:25]} {[%emt
00:01:17]} O-O {[%clk 00:32:34]} {[%emt 00:00:15]} 7. O-O {[%clk 00:31:52]}
{[%emt 00:00:03]} d6 {[%clk 00:32:59]} {[%emt 00:00:05]} 8. Re1 {[%clk
00:31:53]} {[%emt 00:00:29]} Be6 {[%clk 00:33:18]} {[%emt 00:00:11]} 9. Bb3
{[%clk 00:32:14]} {[%emt 00:00:08]} a5 {[%clk 00:33:39]} {[%emt 00:00:09]} 10.
Nbd2 {[%clk 00:30:55]} {[%emt 00:01:49]} Bxb3 {[%clk 00:33:42]} {[%emt
00:00:27]} 11. axb3 {[%clk 00:30:37]} {[%emt 00:00:49]} Re8 {[%clk 00:33:20]}
{[%emt 00:00:51]} 12. Nf1 {[%clk 00:30:37]} {[%emt 00:00:31]} b5 {[%clk
00:32:51]} {[%emt 00:00:59]} 13. Ng3 {[%clk 00:29:42]} {[%emt 00:01:25]} Ne7
{[%clk 00:32:29]} {[%emt 00:00:52]} 14. Nf5 {[%clk 00:24:38]} {[%emt 00:05:34]}
Nxf5 {[%clk 00:30:44]} {[%emt 00:02:15]} 15. exf5 {[%clk 00:25:02]} {[%emt
00:00:06]} Bb6 {[%clk 00:30:30]} {[%emt 00:00:44]} 16. Nh4 {[%clk 00:23:17]}
{[%emt 00:02:13]} c5 {[%clk 00:30:06]} {[%emt 00:00:55]} 17. Re3 {[%clk
00:20:56]} {[%emt 00:02:51]} Nd5 {[%clk 00:29:39]} {[%emt 00:00:58]} 18. Re4
{[%clk 00:19:44]} {[%emt 00:01:38]} Nf6 {[%clk 00:25:27]} {[%emt 00:04:45]} 19.
Re1 {[%clk 00:18:59]} {[%emt 00:01:14]} b4 {[%clk 00:25:05]} {[%emt 00:00:53]}
20. c4 {[%clk 00:18:24]} {[%emt 00:01:05]} d5 {[%clk 00:24:57]} {[%emt
00:00:39]} 21. Qf3 {[%clk 00:16:53]} {[%emt 00:01:56]} e4 {[%clk 00:23:23]}
{[%emt 00:02:09]} 22. dxe4 {[%clk 00:16:55]} {[%emt 00:00:28]} dxe4 {[%clk
00:23:47]} {[%emt 00:00:06]} 23. Qe2 {[%clk 00:15:29]} {[%emt 00:01:51]} Qe7
{[%clk 00:23:11]} {[%emt 00:01:11]} 24. Bf4 {[%clk 00:14:22]} {[%emt 00:01:36]}
g5 {[%clk 00:23:02]} {[%emt 00:00:41]} 25. fxg6 {[%clk 00:14:19]} {[%emt
00:00:32]} fxg6 {[%clk 00:23:16]} {[%emt 00:00:16]} 26. Nxg6 {[%clk 00:12:56]}
{[%emt 00:01:53]} Qg7 {[%clk 00:23:06]} {[%emt 00:00:40]} 27. Nh4 {[%clk
00:11:52]} {[%emt 00:01:31]} Rad8 {[%clk 00:22:27]} {[%emt 00:01:12]} 28. Nf5
{[%clk 00:11:13]} {[%emt 00:01:07]} Qg6 {[%clk 00:22:27]} {[%emt 00:00:25]} 29.
Nxh6+ {[%clk 00:11:03]} {[%emt 00:00:46]} Kh7 {[%clk 00:22:30]} {[%emt
00:00:26]} 30. Rad1 {[%clk 00:10:10]} {[%emt 00:01:23]} Rxd1 {[%clk 00:22:50]}
{[%emt 00:00:11]} 31. Rxd1 {[%clk 00:10:34]} {[%emt 00:00:07]} Rd8 {[%clk
00:23:01]} {[%emt 00:00:18]} 32. Rxd8 {[%clk 00:09:09]} {[%emt 00:01:56]} Bxd8
{[%clk 00:23:20]} {[%emt 00:00:10]} 33. Ng4 {[%clk 00:08:57]} {[%emt 00:00:38]}
Nxg4 {[%clk 00:23:38]} {[%emt 00:00:16]} 34. Qxg4 {[%clk 00:08:52]} {[%emt
00:00:35]} Qxg4 {[%clk 00:24:04]} {[%emt 00:00:04]} 35. hxg4 {[%clk 00:09:13]}
{[%emt 00:00:10]} Kg6 {[%clk 00:24:17]} {[%emt 00:00:17]} 36. f3 {[%clk
00:08:13]} {[%emt 00:01:30]} exf3 {[%clk 00:24:40]} {[%emt 00:00:08]} 37. gxf3
{[%clk 00:08:38]} {[%emt 00:00:05]} Kf6 {[%clk 00:24:27]} {[%emt 00:00:41]} 38.
Kf2 {[%clk 00:08:43]} {[%emt 00:00:26]} Kg6 {[%clk 00:24:50]} {[%emt 00:00:08]}
39. Ke3 {[%clk 00:08:57]} {[%emt 00:00:14]} Bg5 {[%clk 00:25:17]} {[%emt
00:00:06]} 40. Bxg5 {[%clk 00:09:14]} {[%emt 00:00:12]} Kxg5 {[%clk 00:25:42]}
{[%emt 00:00:05]} 41. Ke4 {[%clk 00:09:35]} {[%emt 00:00:09]} Kf6 {[%clk
00:26:02]} {[%emt 00:00:10]} 42. f4 {[%clk 00:09:56]} {[%emt 00:00:08]} Ke6
{[%clk 00:26:27]} {[%emt 00:00:05]} 43. g5 {[%clk 00:10:08]} {[%emt 00:00:18]}
Kf7 {[%clk 00:26:51]} {[%emt 00:00:07]} 44. f5 {[%clk 00:10:24]} {[%emt
00:00:14]} Kg7 {[%clk 00:27:14]} {[%emt 00:00:07]} 45. Ke5 {[%clk 00:10:48]}
{[%emt 00:00:05]} Kf7 {[%clk 00:27:40]} {[%emt 00:00:05]} 46. g6+ {[%clk
00:11:08]} {[%emt 00:00:10]} Kg7 {[%clk 00:28:06]} {[%emt 00:00:04]} 47. Ke6
{[%clk 00:11:19]} {[%emt 00:00:17]} Kf8 {[%clk 00:28:33]} {[%emt 00:00:04]} 48.
f6 {[%clk 00:11:23]} {[%emt 00:00:26]} Kg8 {[%clk 00:29:02]} {[%emt 00:00:02]}
49. g7 {[%clk 00:11:31]} {[%emt 00:00:21]} Kh7 {[%clk 00:29:22]} {[%emt
00:00:10]} 50. Kf7 {[%clk 00:11:47]} {[%emt 00:00:13]} Kh6 {[%emt 00:00:20]} 51.
g8=Q Kh5 {[%clk 00:30:12]} {[%emt 00:00:02]} 52. Qg3 {[%clk 00:12:10]} {[%emt
00:00:21]} a4 {[%clk 00:30:37]} {[%emt 00:00:10]} 53. bxa4 {[%clk 00:12:34]}
{[%emt 00:00:06]} b3 {[%clk 00:31:03]} {[%emt 00:00:04]} 54. a5 {[%clk
00:12:53]} {[%emt 00:00:10]} Kh6 {[%clk 00:31:29]} {[%emt 00:00:04]} 55. Qg6+
{[%clk 00:13:19]} {[%emt 00:00:04]} 1-0

[Event "XXVII MISTRZOSTWA WOJEWÓDZTWA PODLASKIEGO JUNIOREK DO LAT 14 - D14"]
[Site "Białystok, Poland"]
[Date "2025.05.30"]
[Round "3.2"]
[White "Kolosza, Zuzanna"]
[Black "Wasilewska, Natalia"]
[Result "1-0"]
[WhiteElo "1503"]
[BlackElo "1403"]

1. e4 {[%clk 00:30:58]} {[%emt 00:00:02]} e5 {[%clk 00:30:57]} {[%emt
00:00:03]} 2. Nf3 {[%clk 00:31:23]} {[%emt 00:00:05]} Nc6 {[%clk 00:31:20]}
{[%emt 00:00:07]} 3. d4 {[%clk 00:31:45]} {[%emt 00:00:07]} exd4 {[%clk
00:29:43]} {[%emt 00:02:07]} 4. Nxd4 {[%clk 00:32:09]} {[%emt 00:00:06]} Qf6
{[%clk 00:27:08]} {[%emt 00:03:05]} 5. Be3 {[%clk 00:30:56]} {[%emt 00:01:43]}
Nxd4 {[%clk 00:25:44]} {[%emt 00:01:54]} 6. Bxd4 {[%clk 00:31:20]} {[%emt
00:00:06]} Qe6 {[%clk 00:24:56]} {[%emt 00:01:15]} 7. Bd3 {[%clk 00:30:00]}
{[%emt 00:01:55]} d5 {[%clk 00:23:33]} {[%emt 00:01:52]} 8. O-O {[%clk
00:30:03]} {[%emt 00:00:27]} dxe4 {[%clk 00:20:34]} {[%emt 00:03:29]} 9. Bxe4
{[%clk 00:28:34]} {[%emt 00:01:58]} Qg4 {[%clk 00:18:31]} {[%emt 00:02:27]} 10.
Bf3 {[%clk 00:25:00]} {[%emt 00:04:10]} Qd7 {[%clk 00:16:24]} {[%emt 00:02:31]}
11. Re1+ {[%clk 00:25:08]} {[%emt 00:00:29]} Ne7 {[%clk 00:15:40]} {[%emt
00:01:15]} 12. Nc3 {[%clk 00:24:31]} {[%emt 00:01:07]} Qf5 {[%clk 00:14:14]}
{[%emt 00:01:54]} 13. Nd5 {[%clk 00:22:52]} {[%emt 00:02:11]} Kd8 {[%clk
00:12:06]} {[%emt 00:02:38]} 14. Nxe7 {[%clk 00:20:31]} {[%emt 00:02:50]} Qd7
{[%clk 00:07:41]} {[%emt 00:04:56]} 15. Nxc8 {[%clk 00:19:19]} {[%emt
00:01:42]} Kxc8 {[%clk 00:07:37]} {[%emt 00:00:35]} 16. Bg4 {[%clk 00:11:53]}
{[%emt 00:07:54]} f5 {[%clk 00:07:37]} {[%emt 00:00:31]} 17. Bh5 {[%clk
00:09:39]} {[%emt 00:02:42]} c5 {[%clk 00:04:45]} {[%emt 00:03:24]} 18. Re8+
{[%clk 00:08:48]} {[%emt 00:01:21]} Kc7 {[%clk 00:04:52]} {[%emt 00:00:24]} 19.
Rxa8 {[%clk 00:08:48]} {[%emt 00:00:29]} cxd4 {[%clk 00:04:58]} {[%emt
00:00:24]} 20. c3 {[%clk 00:07:53]} {[%emt 00:01:25]} d3 {[%clk 00:04:25]}
{[%emt 00:01:04]} 21. Rxa7 {[%clk 00:06:56]} {[%emt 00:01:27]} Bc5 {[%clk
00:04:28]} {[%emt 00:00:27]} 22. Ra4 {[%clk 00:06:49]} {[%emt 00:00:36]} d2
{[%clk 00:03:12]} {[%emt 00:01:47]} 23. Rc4 {[%clk 00:05:29]} {[%emt 00:01:50]}
Kc6 {[%clk 00:01:08]} {[%emt 00:02:34]} 24. b4 {[%clk 00:05:21]} {[%emt
00:00:38]} b6 {[%clk 00:00:58]} {[%emt 00:00:41]} 25. bxc5 {[%clk 00:05:09]}
{[%emt 00:00:41]} b5 {[%clk 00:01:20]} {[%emt 00:00:08]} 26. Rd4 {[%clk
00:05:26]} {[%emt 00:00:13]} Qe7 {[%clk 00:01:25]} {[%emt 00:00:26]} 27. Qxd2
{[%clk 00:05:37]} {[%emt 00:00:19]} g6 {[%clk 00:01:26]} {[%emt 00:00:29]} 28.
Bf3+ {[%clk 00:05:48]} {[%emt 00:00:19]} Kxc5 {[%clk 00:01:46]} {[%emt
00:00:11]} 29. Rd5+ {[%clk 00:05:48]} {[%emt 00:00:30]} Kb6 {[%emt 00:00:11]}
30. Qd4+ {[%clk 00:06:12]} {[%emt 00:00:04]} Ka5 {[%clk 00:01:31]} {[%emt
00:01:05]} 31. Qxh8 {[%clk 00:06:18]} {[%emt 00:00:23]} Qc7 {[%clk 00:01:21]}
{[%emt 00:00:39]} 32. Qd8 {[%clk 00:06:30]} {[%emt 00:00:18]} Qxd8 {[%clk
00:01:35]} {[%emt 00:00:18]} 33. Rxd8 {[%clk 00:06:55]} {[%emt 00:00:05]} b4
{[%clk 00:01:55]} {[%emt 00:00:11]} 34. cxb4+ {[%clk 00:07:16]} {[%emt
00:00:09]} Kxb4 {[%clk 00:02:21]} {[%emt 00:00:04]} 35. Rc8 {[%clk 00:07:24]}
{[%emt 00:00:20]} Ka3 {[%clk 00:02:38]} {[%emt 00:00:16]} 36. Rb1 {[%clk
00:07:17]} {[%emt 00:00:36]} Kxa2 {[%clk 00:02:56]} {[%emt 00:00:12]} 37. Rb7
{[%clk 00:07:33]} {[%emt 00:00:14]} Ka3 {[%clk 00:03:20]} {[%emt 00:00:06]} 38.
Ra8# {[%clk 00:07:29]} {[%emt 00:00:04]} 1-0